000
00451nam a2200157Ia 4500
008
100122s9999 xx 000 0 und d
082
_b
73864
_a
294.5
100
_a
बेलसरे के वि
245
_a
चैतन्यसुधा
250
_a
1
260
_b
त्रिदल प्रकाशन
_c
2004
300
_a
239
630
_a
चैतन्यसुधा
730
_a
चैतन्यसुधा
942
_c
BOOK
999
_c
389861
_d
389858